000 00496nam a2200181Ia 4500
001 23516
005 20260414150942.0
008 260414t2019||||xx |||||||||||||| ||spa||
041 _aESP
082 _a660.2
_bH39
100 _aHenley, Ernest J.
_eAUT
245 0 _aCálculo de balances de materia y energía :
_b(métodos manuales y empleo de máquinas calculadoras)
260 _c2019
300 _a596 páginas :
_c21 cm.
650 _aTCA
654 _aCII
942 _cLIB
_dJUS
_fJUS
_2ddc
_n
999 _c23516
_d23516